Fußball-Quiz (schwer) WM 2006 Special Part. 2 - Statistiken

Allgemein
  • Dieses Quiz wurde 11 mal gespielt
  • Das Durchschnittsergebnis liegt bei 8 aus 21
Antwortstatistiken
Hint Antwort % Korrekt
Wer war der Kapitän der USA? (Sein Sohn spielte für den BVB) Claudio Reyna
82%
Welcher ehemalige Stürmer vom BVB lief für Tschechien auf? Jan Koller
82%
Wer war der dritte Torhüter im deutschen Kader? Timo Hildebrand
82%
Welcher Schweizer wurde in der Saison nach der WM mit dem VfB Stuttgart Meister? Ludovic Magnin
64%
Wer schoss Italien mit seinem Elfmeter ins Viertelfinale? Francesco Totti
55%
Welches afrikanische Land spielte mit Portugal in einer Gruppe? Angola
45%
Wer war der einzige Spieler von Hannover 96 im deutschen Kader? Per Mertesacker
45%
Welcher Spieler verschoss den entscheidenden Elfmeter zwischen Deutschland und Argentinien? Estefan Cambiasso
36%
Welcher Spieler wurde als bester junger Spieler der WM ausgezeichnet? Lukas Podolski
36%
Was für einen Elfmeter schoss Zidane im Finale in der regulären Spielzeit? Panenka
36%
Und wer den bronzenen Schuh? Ronaldo
36%
Und vom FC Chelsea Robert Huth
27%
Welches Land, das bei der WM teilnahm, gibt es in der Form nicht mehr? Serbien und Montenegro
27%
Gegen wen spielte die Italien im Viertelfinale? Ukraine
27%
Wie war der Slogan der WM 2006? Die Welt zu Gast bei Freunden
18%
Wer sicherte sich als zweitbester Torschütze der WM den silbernen Schuh? Hernan Crespo
18%
Wer war der einzige englische Spieler im All-Star-Team der WM 2006? John Terry
18%
Welches Land im Panini Heft zur WM neben Angola und Ghana nur eine halbe Seite? Saudi-Arabien
18%
Welcher Spieler traf gegen Deutschland in der Gruppenphase doppelt? Paulo Wanchope
9%
Und wer verschoss den einen weiteren Elfmeter für Argentinien? Roberto Ayala
9%
Welche deutsche Stürmer traf in der Vorbereitung in der WM mehrfach, wurde aber nicht nominiert? Kevin Kuranyi
0%
Keine übereinstimmenden Quizze gefunden
Verteilung der Resultate
Anzahl Personen mit jedem Resultat
Perzentil nach korrekt beantworteten Fragen
Ihre Resultats-Entwicklung
Sie haben dieses Quiz noch nicht gespielt